Doña Barbara
Shranjeno v:
| Glavni avtor: | |
|---|---|
| Format: | Knjiga |
| Jezik: | španščina |
| Izdano: |
Santiago
Andrés Bello
1975
|
| Serija: | Biblioteca Andrés Bello, 3
|
| Teme: | |
| Oznake: |
Označite
Brez oznak, prvi označite!
|
MARC
| LEADER | 00000nam a2200000 a 4500 | ||
|---|---|---|---|
| 001 | UCW7245 | ||
| 003 | CL-VaPUC | ||
| 008 | 921006e19750000CL |||||||||||||||||spa|d | ||
| 082 | 0 | 4 | |a Ve863 |b GAL |2 21 |
| 100 | |a Gallegos, Rómulo |e author |9 349997 | ||
| 245 | 1 | 0 | |a Doña Barbara |
| 300 | |a 360 p | ||
| 942 | |c BK | ||
| 945 | |d 19921006 00:00:00 | ||
| 260 | |a Santiago |b Andrés Bello |c 1975 | ||
| 650 | 0 | |a Novelas venezolanas |9 312407 | |
| 583 | |a last modification |c 19921006 00:00:00 |k Rodrigo Vera | ||
| 490 | 0 | |a Biblioteca Andrés Bello, 3 | |
| 999 | |c 220078 |d 220076 | ||
| 952 | |0 0 |1 0 |4 0 |6 VE_863_000000000000000_GAL_1975 |7 0 |8 R |9 211848 |a BIBEDU |b BIBEDU |c MCIRC |d 2019-11-15 |i 2800209 |l 2 |o Ve863 GAL 1975 |p 2800209 |r 2023-03-16 |s 2023-03-14 |w 2019-11-15 |y BK_R |k LIT | ||
| 952 | |0 0 |1 0 |4 0 |6 VE_863_000000000000000_GAL_1975 |7 0 |8 R |9 211849 |a BIBEDU |b BIBEDU |d 2019-11-15 |i 2800233 |o Ve863 GAL 1975 |p 2800233 |r 2023-01-13 |w 2019-11-15 |y BK_R |k LIT | ||